Từ ngữ - Thơ văn Nguyễn Đình Chiểu

Guardado en:
Detalles Bibliográficos
Autor principal: Nguyễn Thạch Giang
Formato: Libro
Lenguaje:Undetermined
Publicado: Tp. HCM Tp. HCM 2000
Materias:
Etiquetas: Agregar Etiqueta
Sin Etiquetas, Sea el primero en etiquetar este registro!
Thư viện lưu trữ: Trung tâm Học liệu Trường Đại học Cần Thơ
LEADER 00548nam a2200169Ia 4500
001 CTU_37964
008 210402s9999 xx 000 0 und d
082 |a 808.1 
082 |b Gi106 
100 |a Nguyễn Thạch Giang 
245 0 |a Từ ngữ - Thơ văn Nguyễn Đình Chiểu 
245 0 |c Nguyễn Thạch Giang 
260 |a Tp. HCM 
260 |b Tp. HCM 
260 |c 2000 
650 |a poetry, theory of,vietnamese literature - 19th century - history and criticism 
980 |a Trung tâm Học liệu Trường Đại học Cần Thơ